[Event "Pelotas Gaucho op"]
[Site "Pelotas"]
[Date "2023.10.12"]
[Round "2"]
[White "Taketa, Raykon Shizuka"]
[Black "Sosa, Alexandro Brum"]
[Result "0-1"]
[WhiteElo "1632"]
[BlackElo "1887"]
[PlyCount "40"]
[EventDate "2023.10.12"]
[EventType "swiss"]
[EventRounds "7"]
[EventCountry "BRA"]
[SourceTitle "Mega2024 Update 01"]
[Source "Chessbase"]
[SourceDate "2023.11.12"]
[SourceVersion "1"]
[SourceVersionDate "2023.11.12"]
[SourceQuality "1"]

1. d4 f5 2. Nf3 Nf6 3. c4 g6 4. Nc3 Bg7 5. Bg5 0-0 6. e3 d6 7. Bxf6 Bxf6 8. Be2 c6 9. Qb3 Qb6 10. c5+ Qxb3 11. axb3 dxc5 12. dxc5 Be6 13. b4 Nd7 14. Nd4 Bf7 15. f4 e5 16. Nf3 exf4 17. exf4 a5 18. Rxa5 Rxa5 19. bxa5 Re8 20. 0-0 Bxc3 0-1

[Event "Porto Alegre op"]
[Site "Porto Alegre"]
[Date "2023.08.25"]
[Round "1"]
[White "Pereira, Mariana Sebolt"]
[Black "Taketa, Raykon Shizuka"]
[Result "0-1"]
[WhiteElo "1745"]
[BlackElo "1644"]
[PlyCount "96"]
[EventDate "2023.08.25"]
[EventType "swiss"]
[EventRounds "5"]
[EventCountry "BRA"]
[SourceTitle "EXT 2024"]
[Source "ChessBase"]
[SourceDate "2023.10.10"]
[SourceVersion "1"]
[SourceVersionDate "2023.10.10"]
[SourceQuality "1"]

1. d4 Nf6 2. Bf4 g6 3. e3 Bg7 4. Nf3 d6 5. h3 0-0 6. Nc3 Nbd7 7. Bc4 b6 8. 0-0 Bb7 9. Bg5 e5 10. Nd5 h6 11. Nxf6+ Nxf6 12. Bxf6 Bxf6 13. c3 e4 14. Nd2 d5 15. Be2 Bg7 16. c4 c6 17. b4 a6 18. Rb1 Qd7 19. Bg4 f5 20. Be2 h5 21. c5 b5 22. f4 a5 23. Qc2 h4 24. a4 bxa4 25. Qxa4 axb4 26. Qxb4 Ra2 27. Qxb7 Qxb7 28. Rxb7 Rxd2 29. Bd1 Ra2 30. Rb6 Rc8 31. Rf2 Ra3 32. Rb3 Rxb3 33. Bxb3 Bh6 34. Ra2 g5 35. fxg5 Bxg5 36. Kf2 f4 37. exf4 Bxf4 38. Ra6 Rb8 39. Ba4 Rb2+ 40. Kf1 e3 41. Bd1 Rf2+ 42. Kg1 e2 43. Bxe2 Rxe2 44. Rxc6 Be3+ 45. Kh1 Re1+ 46. Kh2 Bg1+ 47. Kh1 Bf2+ 48. Kh2 Bg3# 0-1

[Event "Porto Alegre op"]
[Site "Porto Alegre"]
[Date "2023.05.06"]
[Round "3"]
[White "Pereira, Armando Scharlau"]
[Black "Taketa, Raykon Shizuka"]
[Result "0-1"]
[WhiteElo "1574"]
[BlackElo "1770"]
[PlyCount "92"]
[EventDate "2023.05.05"]
[EventType "swiss"]
[EventRounds "7"]
[EventCountry "BRA"]
[SourceTitle "CBM 214 Extra"]
[Source "ChessBase"]
[SourceDate "2023.07.31"]
[SourceVersion "1"]
[SourceVersionDate "2023.07.31"]
[SourceQuality "1"]

1. Nf3 Nf6 2. d4 g6 3. g3 Bg7 4. Bg2 d6 5. c4 0-0 6. Nc3 Nc6 7. 0-0 e5 8. d5 Ne7 9. e4 Ne8 10. b4 f5 11. Bb2 h6 12. Nd2 f4 13. f3 g5 14. g4 Ng6 15. c5 Bd7 16. Nc4 Nh4 17. h3 Nf6 18. cxd6 cxd6 19. Rf2 Qc7 20. Qb3 Nxg2 21. Kxg2 Rac8 22. Nxe5 dxe5 23. Rc1 Qb8 24. b5 Rf7 25. Rfc2 Bf8 26. Na4 Rxc2+ 27. Rxc2 b6 28. Nc3 Be8 29. Ne2 Bd6 30. Nc1 Rc7 31. Rc6 Bxc6 32. dxc6+ Kg7 33. Nd3 Qe8 34. Qc3 Qe7 35. h4 Nd7 36. h5 Kf6 37. Qd2 Nc5 38. Nb4 Qe6 39. Nd5+ Kf7 40. Nxc7 Bxc7 41. Qd5 Qxd5 42. exd5 Ke7 43. Kf1 Kd6 44. Ke2 Kxd5 45. Ba3 Kc4 46. Kd2 Kxb5 0-1

[Event "Porto Alegre op"]
[Site "Porto Alegre"]
[Date "2023.05.05"]
[Round "1"]
[White "Friedrich, Carlos Ernesto Gall"]
[Black "Taketa, Raykon Shizuka"]
[Result "0-1"]
[WhiteElo "1612"]
[BlackElo "1770"]
[PlyCount "128"]
[EventDate "2023.05.05"]
[EventType "swiss"]
[EventRounds "7"]
[EventCountry "BRA"]
[SourceTitle "CBM 214 Extra"]
[Source "ChessBase"]
[SourceDate "2023.07.31"]
[SourceVersion "1"]
[SourceVersionDate "2023.07.31"]
[SourceQuality "1"]

1. e4 c5 2. Nf3 d6 3. d4 cxd4 4. Nxd4 Nf6 5. Nc3 a6 6. Bg5 e6 7. Qd2 h6 8. Bh4 Be7 9. Bg3 Nh5 10. f4 Nxg3 11. hxg3 Bd7 12. 0-0-0 b5 13. a3 Nc6 14. Kb1 Na5 15. Be2 Rc8 16. Nf3 Qb6 17. Ne5 Rd8 18. Nxd7 Rxd7 19. Qd4 Qxd4 20. Rxd4 Rc7 21. Rhd1 0-0 22. g4 Rfc8 23. R1d2 Nc4 24. Bxc4 Rxc4 25. Ne2 Rxd4 26. Nxd4 g6 27. f5 e5 28. Ne2 Rc4 29. Nc3 gxf5 30. gxf5 Kg7 31. Nd5 Bg5 32. Re2 Rd4 33. c3 Rd1+ 34. Kc2 Rc1+ 35. Kb3 Bd8 36. Kb4 Kf8 37. b3 Rb1 38. a4 bxa4 39. Kxa4 Ra1+ 40. Kb4 Ke8 41. Kc4 Kd7 42. b4 Kc6 43. f6 Rf1 44. Ne7+ Bxe7 45. fxe7 Kd7 46. e8Q+ Kxe8 47. Ra2 Kd7 48. Rxa6 Rf2 49. b5 Rxg2 50. Ra7+ Ke6 51. b6 Rb2 52. Rb7 h5 53. Rb8 h4 54. b7 Kd7 55. Rf8 Rxb7 56. Rxf7+ Kc6 57. Rf3 Rg7 58. Rh3 Rg4 59. Kd3 Rg3+ 60. Rxg3 hxg3 61. Ke3 Kc5 62. Kf3 Kc4 63. Kxg3 Kxc3 64. Kf2 Kd4 0-1